|
|
|
|
| LEADER |
01202nkm a2200313 a 4500 |
| 001 |
mzk03001084360 |
| 003 |
CZ BrMZK |
| 005 |
20160408135728.0 |
| 007 |
kj bo| |
| 008 |
050627s1861 au ||| fr||||||0| k|gerod |
| 040 |
|
|
|a BOA001
|b cze
|
| 072 |
|
7 |
|a 76
|x Grafické umění. Grafika
|2 Konspekt
|9 21
|
| 080 |
|
|
|a (0.026.6)76
|2 MRF
|
| 080 |
|
|
|a (0:82-94)
|2 MRF
|
| 100 |
1 |
|
|a Kriehuber, Josef,
|d 1800-1876
|7 mzk2005295115
|4 aut
|
| 245 |
1 |
0 |
|a Dr. C. Giskra Abgeordneter für Brünn zum Mähr. Landtage u. zum Reichsrathe
|h [grafika] /
|c Kriehuber 1861 ; Ged. bei Jos. Stoufs, Wien
|
| 260 |
|
|
|a Wien :
|b Ged. bei Jos. Stoufs,
|c 1861
|
| 300 |
|
|
|a 1 list :
|b litografie podlepená papírem;
|c 34,5 x 26 cm
|
| 500 |
|
|
|a Pod portréem podpis a text
|
| 500 |
|
|
|a Podlepeno papírem o velikosti 62 x 45,5 cm
|
| 600 |
1 |
7 |
|a Giskra, Karel,
|d 1820-1879
|7 mzk2005299172
|2 czenas
|
| 655 |
|
7 |
|a grafické listy
|7 fd132404
|2 czenas
|
| 655 |
|
7 |
|a portréty
|7 fd133099
|2 czenas
|
| 700 |
1 |
|
|a Stoufs, Josef
|4 pbl
|
| 856 |
4 |
1 |
|u http://www.digitalniknihovna.cz/mzk/uuid/uuid:a0d533ae-b6e1-4074-872e-eed5529283b6
|y Digitalizovaný dokument
|
| 910 |
|
|
|a BOA001
|b Skř.1T-1251.865,154
|
| 985 |
|
|
|a 1851-1900
|
| 990 |
|
|
|a GP
|
| 991 |
|
|
|k mzk
|